Biggest Seas By Area - Statistics

General Stats
  • This quiz has been taken 67 times
    63 since last reset
  • The average score is 8 of 15
Answer Stats
Km² Sea % Correct
2.5M Mediterranean Sea
100%
2.7M Caribbean Sea
86%
3.5M South China Sea
86%
2M Bering Sea
79%
3.8M Arabian Sea
71%
2.1M Bay of Bengal
57%
4.7M Coral Sea
57%
2.3M Gulf of Guinea
57%
1.5M Gulf of Mexico
57%
2.3M Tasman Sea
43%
5.6M Philippine Sea
36%
1.5M Sea of Okhotsk
36%
3.5M Sargasso Sea
29%
1.5M Gulf of Alaska
21%
2.8M Weddell Sea
14%
No matching quizzes found
Score Distribution
Percent of People with Each Score
Percentile by Number Answered
Your Score History
You have not taken this quiz since the last reset